[Event "12th European team championship"]
[Site "Batumi"]
[Date "1999.11.29"]
[Round "1"]
[White "Minasian, Artashes"]
[Black "Dutreeuw, Marc"]
[Result "1-0"]
[WhiteElo "2394"]
[BlackElo "2600"]
[WhiteTitle "GM"]
[BlackTitle "IM"]
[WhiteTeam "Armenia"]
[BlackTeam "Belgium"]
[Board "2"]
[Source "OlimpBase"]
[EventDate "1999.11.29"]
[PlyCount "74"]

1. e4 e5 2. Nf3 Nf6 3. d4 Nxe4 4. Bd3 d5 5. Nxe5 Nd7 6. O-O Nxe5 7. dxe5 Nc5
8. Nc3 c6 9. f4 g6 10. Ne2 Bg7 11. Be3 Qe7 12. b4 Nxd3 13. cxd3 Qxb4 14. Qc2
Bf8 15. Rab1 Qa5 16. f5 gxf5 17. Ng3 Qa6 18. Nxf5 Be6 19. Nd4 Be7 20. Nxe6 fxe6
21. Bc5 Bxc5+ 22. Qxc5 O-O-O 23. Rb3 Rhe8 24. Rfb1 d4 25. Qc1 Rd5 26. Qf4 Rd7
27. Qf3 Rc7 28. Qh5 Rd8 29. Qh6 c5 30. Qc1 Qc6 31. Qa3 b6 32. Qc1 Rg8 33. R3b2
Rcg7 34. Qf1 Rg5 35. a4 R5g7 36. g3 h5 37. Rb5 Qb7 1-0

[Event "12th European team championship"]
[Site "Batumi"]
[Date "1999.11.29"]
[Round "1"]
[White "Geenen, Marc"]
[Black "Anastasian, Ashot"]
[Result "0-1"]
[WhiteElo "2347"]
[BlackElo "2545"]
[WhiteTitle "FM"]
[BlackTitle "GM"]
[WhiteTeam "Belgium"]
[BlackTeam "Armenia"]
[Board "3"]
[Source "OlimpBase"]
[EventDate "1999.11.29"]
[PlyCount "120"]

1. e4 c5 2. Nf3 d6 3. d4 cxd4 4. Nxd4 Nf6 5. Nc3 a6 6. Bg5 Nbd7 7. f4 e6
8. Qf3 Be7 9. Bc4 h6 10. Bxf6 Bxf6 11. O-O-O O-O 12. Bb3 Nc5 13. e5 Be7
14. exd6 Bxd6 15. Ne4 Nxe4 16. Qxe4 Qc7 17. f5 exf5 18. Nxf5 Bxf5 19. Qxf5 Bxh2
20. Rd7 Qf4+ 21. Qxf4 Bxf4+ 22. Kb1 b6 23. Rf1 g5 24. Re1 Kg7 25. Ree7 Rad8
26. Rxf7+ Rxf7 27. Rxd8 Re7 28. a4 h5 29. Bd5 a5 30. c3 g4 31. b4 Re3 32. Kc2
Kf6 33. Rh8 Be5 34. bxa5 Rxc3+ 35. Kd2 Rc5 36. Be4 bxa5 37. Rh6+ Kg5 38. Rc6
Bf4+ 39. Kd3 Re5 40. Rb6 Kh4 41. Kd4 Kg3 42. Rb3+ Kh2 43. Rb2 Bg3 44. Rc2 h4
45. Ke3 Re8 46. Ra2 Rf8 47. Bc6 Rf4 48. Rc2 Rb4 49. Ra2 Bc7 50. Rc2 Bb6+
51. Kd3 Kg3 52. Ke2 Rb3 53. Rc4 Re3+ 54. Kf1 Re7 55. Rc3+ Kh2 56. Rc4 Rf7+
57. Ke2 Rc7 58. Kf1 h3 59. gxh3 g3 60. Rc2+ Bf2 0-1

[Event "12th European team championship"]
[Site "Batumi"]
[Date "1999.11.30"]
[Round "2"]
[White "Sammalvuo, Tapani"]
[Black "Claesen, Pieter"]
[Result "0-1"]
[WhiteElo "2393"]
[BlackElo "2403"]
[WhiteTitle "IM"]
[BlackTitle "IM"]
[WhiteTeam "Finland"]
[BlackTeam "Belgium"]
[Board "1"]
[Source "OlimpBase"]
[EventDate "1999.11.29"]
[PlyCount "96"]

1. d4 Nf6 2. c4 c5 3. d5 b5 4. cxb5 a6 5. b6 e6 6. Nc3 Nxd5 7. Nxd5 exd5
8. Qxd5 Nc6 9. Nf3 Rb8 10. e4 Be7 11. Bc4 O-O 12. O-O Rxb6 13. Qh5 d6 14. Rd1
Be6 15. Bxe6 fxe6 16. Qg4 Qc8 17. Rb1 e5 18. Qxc8 Rxc8 19. Nd2 Nd4 20. Nc4 Rb4
21. b3 Ne2+ 22. Kf1 Nc3 23. Bd2 Nxd1 24. Bxb4 Nxf2 25. Kxf2 cxb4 26. Rd1 Kf7
27. Nxd6+ Bxd6 28. Rxd6 Rc2+ 29. Kf3 Rxa2 30. Rb6 a5 31. Rb7+ Kf6 32. Rb6+ Ke7
33. Ra6 h5 34. g4 Ra3 35. gxh5 a4 36. Ke2 axb3 37. Rb6 Ra2+ 38. Kd3 Rxh2
39. Rxb4 Kf6 40. Kc4 b2 41. Rb8 Kg5 42. Kd5 Kf4 43. Rf8+ Ke3 44. Rb8 Kd3
45. Kxe5 Kc2 46. Kf5 Rxh5+ 47. Kg6 Re5 48. Rb4 b1=Q 0-1

[Event "12th European team championship"]
[Site "Batumi"]
[Date "1999.11.30"]
[Round "2"]
[White "Dutreeuw, Marc"]
[Black "Salmensuu, Olli"]
[Result "1-0"]
[WhiteElo "2394"]
[BlackElo "2443"]
[WhiteTitle "IM"]
[BlackTitle "IM"]
[WhiteTeam "Belgium"]
[BlackTeam "Finland"]
[Board "2"]
[Source "OlimpBase"]
[EventDate "1999.11.29"]
[PlyCount "47"]

1. e4 c5 2. Nf3 d6 3. d4 cxd4 4. Nxd4 Nf6 5. Nc3 g6 6. Be3 Bg7 7. f3 O-O
8. Qd2 Nc6 9. g4 Be6 10. O-O-O Ne5 11. Kb1 Rc8 12. h4 Bc4 13. Bd3 Qa5 14. a3
Rfe8 15. h5 b5 16. hxg6 b4 17. Na2 fxg6 18. Qxb4 Qd8 19. g5 Nh5 20. f4 Nxd3
21. cxd3 Bf7 22. f5 Qb6 23. Nc2 Qxb4 24. Naxb4 1-0

[Event "12th European team championship"]
[Site "Batumi GEO"]
[Date "1999.11.30"]
[Round "2"]
[White "Yrjölä, Jouni"]
[Black "Geenen, Marc"]
[Result "1-0"]
[WhiteElo "2412"]
[BlackElo "2347"]
[WhiteTitle "GM"]
[BlackTitle "FM"]
[WhiteTeam "Finland"]
[BlackTeam "Belgium"]
[Board "3"]
[Source "OlimpBase"]
[EventDate "1999.11.29"]
[PlyCount "83"]

1. d4 d5 2. c4 dxc4 3. Nf3 c5 4. d5 Nf6 5. Nc3 e6 6. e4 exd5 7. e5 Nfd7
8. Qxd5 Nc6 9. Qe4 Nb6 10. Be3 Be6 11. Ng5 Bd5 12. Qf4 Be7 13. Nge4 Nd4
14. O-O-O Be6 15. Bxd4 cxd4 16. Rxd4 Qc8 17. Nd6+ Bxd6 18. exd6 O-O 19. Be2 Qd7
20. Bd1 Bf5 21. Re1 Be6 22. Bc2 Rfe8 23. Re3 f5 24. h4 Qf7 25. Rf3 g6 26. h5
Nd5 27. Qd2 Nxc3 28. Rxc3 Qg7 29. Rg3 Kf7 30. hxg6+ hxg6 31. d7 Red8 32. Re3 f4
33. Re1 g5 34. Rd6 Bg4 35. Bg6+ Kf8 36. Re8+ Rxe8 37. dxe8=Q+ Rxe8 38. Bxe8
Kxe8 39. Rd8+ Ke7 40. Qd6+ Kf7 41. Qd5+ Kf6 42. Rd6+ 1-0

[Event "12th European team championship"]
[Site "Batumi"]
[Date "1999.11.30"]
[Round "2"]
[White "Ahn, Martin"]
[Black "Manninen, Marko"]
[Result "0-1"]
[WhiteElo "2331"]
[BlackElo "2426"]
[WhiteTitle "FM"]
[BlackTitle "IM"]
[WhiteTeam "Belgium"]
[BlackTeam "Finland"]
[Board "4"]
[Source "OlimpBase"]
[EventDate "1999.11.29"]
[PlyCount "94"]

1. e4 e6 2. Nf3 d5 3. Nc3 Nf6 4. exd5 exd5 5. d4 Be7 6. Bd3 Bg4 7. h3 Bh5
8. O-O O-O 9. Bg5 Re8 10. g4 Bg6 11. Ne5 Nbd7 12. f4 Bxd3 13. Qxd3 c6 14. Rae1
Nf8 15. f5 h6 16. Bf4 N6h7 17. Kg2 Bh4 18. Bg3 Bxg3 19. Qxg3 Qb6 20. Qd3 f6
21. Nf3 Ng5 22. h4 Nxf3 23. Kxf3 Qc7 24. Re2 Rxe2 25. Qxe2 Qb6 26. Qe3 Qxb2
27. g5 hxg5 28. hxg5 Qxc2 29. Kg3 fxg5 30. Rf2 Re8 31. Qxe8 Qxc3+ 32. Rf3 Qxd4
33. Re3 Qf4+ 34. Kg2 g4 35. Qe7 b6 36. Ra3 a5 37. Rb3 b5 38. Qc5 Qe4+ 39. Kg3
d4 40. a4 d3 41. Qf2 b4 42. Rb1 Nd7 43. Rc1 Nf6 44. Qa2+ Qd5 45. Qxd5+ cxd5
46. Rd1 Ne4+ 47. Kf4 d2 0-1

[Event "12th European team championship"]
[Site "Batumi"]
[Date "1999.12.01"]
[Round "3"]
[White "Atakişi, Fatih"]
[Black "Dutreeuw, Marc"]
[Result "0-1"]
[WhiteElo "2238"]
[BlackElo "2394"]
[BlackTitle "IM"]
[WhiteTeam "Finland"]
[BlackTeam "Belgium"]
[Board "2"]
[Source "OlimpBase"]
[EventDate "1999.11.29"]
[PlyCount "92"]

1. e4 e5 2. Nf3 Nf6 3. d4 Nxe4 4. Bd3 d5 5. Nxe5 Nd7 6. Nxd7 Bxd7 7. O-O Nf6
8. c4 Be6 9. c5 g6 10. Bf4 Nh5 11. Be3 Ng7 12. Qb3 Qc8 13. Bh6 Nh5 14. Bxf8
Kxf8 15. Re1 Ng7 16. Nd2 c6 17. Nf3 f6 18. Qc3 Kf7 19. b4 a6 20. a4 Bf5 21. Bf1
Re8 22. Rec1 Bg4 23. Nd2 Be2 24. Bxe2 Rxe2 25. Qd3 Qe6 26. Nf1 Qe4 27. Qg3 Ne6
28. Qd6 Rd8 29. Qg3 Nxd4 30. f3 Qe5 31. Qh4 h5 32. Re1 Re8 33. Red1 Nf5 34. Qh3
Ne3 35. Re1 Nxf1 36. Rxe2 Qxe2 37. Rxf1 Qe3+ 38. Kh1 f5 39. Qg3 f4 40. Qh4 d4
41. g4 Qe2 42. Rf2 Qe7 43. Qh3 h4 44. g5 Qxg5 45. Rf1 Rd8 46. Rg1 Qf6 0-1

[Event "12th European team championship"]
[Site "Batumi"]
[Date "1999.12.01"]
[Round "3"]
[White "Geenen, Marc"]
[Black "Haznedaroğlu, Kivanç"]
[Result "1/2-1/2"]
[WhiteElo "2347"]
[BlackElo "2187"]
[WhiteTitle "FM"]
[WhiteTeam "Belgium"]
[BlackTeam "Turkey"]
[Board "3"]
[Source "OlimpBase"]
[EventDate "1999.11.29"]
[PlyCount "82"]

1. e4 e5 2. Nc3 Nf6 3. g3 d5 4. exd5 Nxd5 5. Bg2 Nxc3 6. bxc3 Bc5 7. Nf3 Nc6
8. d3 O-O 9. O-O Bg4 10. h3 Bh5 11. g4 Bg6 12. Ng5 Qd7 13. h4 f6 14. Ne4 Bb6
15. Ba3 Ne7 16. Nc5 Bxc5 17. Bxc5 c6 18. d4 Rfd8 19. Re1 Qe6 20. f4 Bf7
21. fxe5 Nd5 22. Qf3 Rd7 23. Bh3 g5 24. exf6 Qxf6 25. Qxf6 Nxf6 26. hxg5 Nd5
27. a4 Nxc3 28. Ra3 Nd5 29. Rf3 Nb6 30. a5 Na4 31. Re7 Rxe7 32. Bxe7 Re8
33. Bf6 Nb2 34. a6 bxa6 35. Bf1 a5 36. Ra3 Bc4 37. Bxc4+ Nxc4 38. Ra4 Ne3
39. Rxa5 Nxg4 40. Rxa7 Nxf6 41. gxf6 Rf8 1/2-1/2

[Event "12th European team championship"]
[Site "Batumi"]
[Date "1999.12.02"]
[Round "4"]
[White "Fernandes, António"]
[Black "Claesen, Pieter"]
[Result "1-0"]
[WhiteElo "2438"]
[BlackElo "2403"]
[WhiteTitle "IM"]
[BlackTitle "IM"]
[WhiteTeam "Portugal"]
[BlackTeam "Belgium"]
[Board "1"]
[Source "OlimpBase"]
[EventDate "1999.11.29"]
[PlyCount "134"]

1. d4 d5 2. c4 c6 3. Nc3 Nf6 4. Nf3 dxc4 5. e3 b5 6. a4 b4 7. Nb1 Ba6 8. Be2
e6 9. O-O Be7 10. Nbd2 c3 11. bxc3 bxc3 12. Nb1 Qa5 13. Ba3 Bxe2 14. Qxe2 Nbd7
15. Rc1 Bxa3 16. Rxa3 Rb8 17. Qc2 O-O 18. Rxc3 Rb4 19. Rxc6 Rxa4 20. Nc3 Rb4
21. h3 Qa3 22. Qd1 Rb6 23. Rc7 a6 24. Ne5 Nxe5 25. dxe5 Ne8 26. Rc8 Qe7 27. Ne4
Rb7 28. Qd3 Ra7 29. Rd8 f5 30. Nd2 Rc7 31. Rb1 Rb7 32. Rc1 Rc7 33. Ra1 Ra7
34. Rb1 Rb7 35. Ra1 Ra7 36. Nc4 Nc7 37. Rxf8+ Kxf8 38. Nb6 Qe8 39. Rc1 Kf7
40. e4 fxe4 41. Qe3 Qb8 42. Nc8 Ra8 43. Qf4+ Kg8 44. Nd6 Ra7 45. Qf7+ Kh8
46. Qe7 h6 47. Nxe4 Qb2 48. Qf8+ Kh7 49. Nf6+ Kg6 50. Re1 Ra8 51. Qe7 gxf6
52. Qxf6+ Kh7 53. Qf7+ Kh8 54. Qxc7 Rf8 55. Qc5 Kg7 56. Rd1 Qe2 57. Rf1 Qa2
58. f4 Qd2 59. Rf3 Rf7 60. Qc4 Kh7 61. Qe4+ Kh8 62. Qa8+ Kh7 63. Qe4+ Kg7
64. Rg3+ Kf8 65. Qa8+ Ke7 66. Qb7+ Kf8 67. Qc8+ Ke7 1-0

[Event "12th European team championship"]
[Site "Batumi"]
[Date "1999.12.02"]
[Round "4"]
[White "Fróis, António"]
[Black "Geenen, Marc"]
[Result "1/2-1/2"]
[WhiteElo "2397"]
[BlackElo "2347"]
[WhiteTitle "IM"]
[BlackTitle "FM"]
[WhiteTeam "Portugal"]
[BlackTeam "Belgium"]
[Board "3"]
[Source "OlimpBase"]
[EventDate "1999.11.29"]
[PlyCount "28"]

1. Nf3 Nc6 2. d4 d5 3. Bf4 Bg4 4. e3 e6 5. c4 Bd6 6. Bxd6 Qxd6 7. Nc3 Nge7
8. Be2 O-O 9. Qa4 a6 10. O-O b5 11. cxb5 axb5 12. Qc2 b4 13. Nb5 Qd7 14. Rfc1
Rfb8 1/2-1/2

[Event "12th European team championship"]
[Site "Batumi"]
[Date "1999.12.02"]
[Round "4"]
[White "Ahn, Martin"]
[Black "Santos, Carlos Pereira"]
[Result "1/2-1/2"]
[WhiteElo "2331"]
[BlackElo "2383"]
[WhiteTitle "FM"]
[BlackTitle "IM"]
[WhiteTeam "Belgium"]
[BlackTeam "Portugal"]
[Board "4"]
[Source "OlimpBase"]
[EventDate "1999.11.29"]
[PlyCount "39"]

1. c4 g6 2. Nc3 Bg7 3. e4 d6 4. d4 Nf6 5. f3 Nbd7 6. Be3 O-O 7. Nge2 c5 8. d5
Ne5 9. Ng3 e6 10. Be2 exd5 11. cxd5 a6 12. O-O b5 13. Qd2 Re8 14. b3 Bd7 15. a4
b4 16. Nd1 h5 17. Bg5 Qb6 18. Qc1 Nh7 19. Be3 Qd8 20. h3 1/2-1/2

[Event "12th European team championship"]
[Site "Batumi"]
[Date "1999.12.03"]
[Round "5"]
[White "Orr, Mark John Legard"]
[Black "Claesen, Pieter"]
[Result "0-1"]
[WhiteElo "2350"]
[BlackElo "2403"]
[WhiteTitle "IM"]
[BlackTitle "IM"]
[WhiteTeam "Ireland"]
[BlackTeam "Belgium"]
[Board "1"]
[Source "OlimpBase"]
[EventDate "1999.11.29"]
[PlyCount "118"]

1. d4 d5 2. c4 c6 3. Nc3 Nf6 4. Nf3 dxc4 5. a4 Bf5 6. e3 e6 7. Bxc4 Bb4 8. O-O
Nbd7 9. Qe2 Bg6 10. Rd1 Qc7 11. Na2 Bd6 12. h3 O-O 13. b3 e5 14. Bb2 exd4
15. Bxd4 Rfd8 16. Bd3 Ne5 17. Bxg6 hxg6 18. Nc3 Nxf3+ 19. Qxf3 Bh2+ 20. Kh1 Be5
21. Bxe5 Qxe5 22. Rac1 Rxd1+ 23. Qxd1 Qa5 24. Qc2 Rd8 25. Rd1 Rxd1+ 26. Nxd1 g5
27. Nc3 g4 28. e4 gxh3 29. gxh3 Qc5 30. Qd2 g6 31. Kg2 Qb4 32. Qc2 Qd4 33. f3
Qe3 34. Ne2 Nd7 35. Qd1 Ne5 36. Nc1 a5 37. Qd8+ Kg7 38. Qd1 b5 39. Kg3 bxa4
40. bxa4 Qg5+ 41. Kh2 Qe3 42. Kg3 Nxf3 43. Qxf3 Qxc1 44. Qd3 c5 45. Kf3 Qh1+
46. Kf2 Qh2+ 47. Kf1 Qb2 48. Qc4 Qd4 49. Qc2 Kf6 50. Kg2 Ke5 51. Kf3 c4
52. Qh2+ Kf6 53. Qf4+ Kg7 54. Ke2 Qb2+ 55. Ke1 Qa1+ 56. Ke2 Qxa4 57. Qe5+ Kg8
58. Qc7 Qc2+ 59. Kf1 Qd3+ 0-1

[Event "12th European team championship"]
[Site "Batumi"]
[Date "1999.12.03"]
[Round "5"]
[White "Dutreeuw, Marc"]
[Black "Gillen, Adrian"]
[Result "1-0"]
[WhiteElo "2394"]
[BlackElo "2264"]
[WhiteTitle "IM"]
[WhiteTeam "Belgium"]
[BlackTeam "Ireland"]
[Board "2"]
[Source "OlimpBase"]
[EventDate "1999.11.29"]
[PlyCount "111"]

1. e4 c5 2. Nf3 d6 3. d4 cxd4 4. Nxd4 Nf6 5. Nc3 a6 6. Be3 Nbd7 7. f3 Qc7
8. a4 b6 9. Be2 Bb7 10. O-O e6 11. Qe1 Be7 12. Qg3 O-O 13. Rfe1 Rfe8 14. Bf1
Ne5 15. Nb3 Nfd7 16. Nd2 d5 17. exd5 exd5 18. Bd4 Bd6 19. Qh3 Nc5 20. f4 Ned7
21. f5 Ne4 22. Ncxe4 dxe4 23. Nc4 Bc5 24. Bxc5 Qxc5+ 25. Qe3 Qxe3+ 26. Rxe3 Bc6
27. Rc3 Bd5 28. Ne3 Nf6 29. g4 h6 30. h4 Red8 31. Rd1 Bb7 32. Rxd8+ Rxd8 33. g5
Ne8 34. Rb3 Rd6 35. Nc4 Rc6 36. Rxb6 Rxb6 37. Nxb6 Nd6 38. f6 gxf6 39. gxf6 Ne8
40. Nd7 Bc6 41. Nb8 Ba8 42. Nxa6 e3 43. Be2 Nxf6 44. Nc5 Kf8 45. Kh2 Ke7
46. Kg3 Kd6 47. Nd3 Bc6 48. a5 Ba4 49. b3 Bc6 50. c4 h5 51. Kf4 Ng4 52. b4 Ba4
53. a6 Kc7 54. b5 Kb8 55. Nc5 Bc2 56. b6 1-0

[Event "12th European team championship"]
[Site "Batumi"]
[Date "1999.12.03"]
[Round "5"]
[White "Ahn, Martin"]
[Black "Keogh, Eamon"]
[Result "1/2-1/2"]
[WhiteElo "2331"]
[BlackElo "2165"]
[WhiteTitle "FM"]
[WhiteTeam "Belgium"]
[BlackTeam "Ireland"]
[Board "4"]
[Source "OlimpBase"]
[EventDate "1999.11.29"]
[PlyCount "79"]

1. e4 e6 2. d4 d5 3. Nc3 dxe4 4. Nxe4 Nf6 5. Nxf6+ gxf6 6. Nf3 c5 7. Be3 Qb6
8. dxc5 Bxc5 9. Bxc5 Qxc5 10. Qd4 Qxd4 11. Nxd4 a6 12. O-O-O Bd7 13. Bd3 Nc6
14. Be4 O-O-O 15. Rhe1 Be8 16. Nb3 Rxd1+ 17. Rxd1 f5 18. Bxc6 Bxc6 19. g3 h5
20. Rd4 Rd8 21. Rh4 e5 22. Nd2 Rh8 23. Nc4 f6 24. Nd6+ Kd7 25. Nxf5 Ke6 26. g4
Bf3 27. Ne3 Rg8 28. gxh5 f5 29. h6 f4 30. h7 Rh8 31. Nc4 Bd5 32. Rh6+ Kf5
33. b3 Kg5 34. Rh3 Bxc4 35. bxc4 Kg4 36. Rh6 Kg5 37. Rh3 Kg4 38. Rh6 Kg5
39. Rh3 Kg4 40. Rh6 1/2-1/2

[Event "12th European team championship"]
[Site "Batumi"]
[Date "1999.12.04"]
[Round "6"]
[White "Claesen, Pieter"]
[Black "Štohl, Igor"]
[Result "1/2-1/2"]
[WhiteElo "2403"]
[BlackElo "2600"]
[WhiteTitle "IM"]
[BlackTitle "GM"]
[WhiteTeam "Belgium"]
[BlackTeam "Slovakia"]
[Board "1"]
[Source "OlimpBase"]
[EventDate "1999.11.29"]
[PlyCount "30"]

1. d4 Nf6 2. Nf3 e6 3. g3 b5 4. c3 Bb7 5. Bg2 c5 6. O-O Na6 7. a3 Nc7 8. Nbd2
cxd4 9. cxd4 Be7 10. Re1 O-O 11. e4 Rc8 12. Qe2 d6 13. Rd1 Nd7 14. Ne1 Nb6
15. Nf1 a5 1/2-1/2

[Event "12th European team championship"]
[Site "Batumi"]
[Date "1999.12.04"]
[Round "6"]
[White "Maník, Mikuláš"]
[Black "Ahn, Martin"]
[Result "1-0"]
[WhiteElo "2447"]
[BlackElo "2331"]
[WhiteTitle "IM"]
[BlackTitle "FM"]
[WhiteTeam "Slovakia"]
[BlackTeam "Belgium"]
[Board "4"]
[Source "OlimpBase"]
[EventDate "1999.11.29"]
[PlyCount "83"]

1. e4 c5 2. Nf3 d6 3. d4 cxd4 4. Nxd4 Nf6 5. f3 e6 6. c4 Nc6 7. Nc3 Be7 8. Be3
O-O 9. Nc2 d5 10. cxd5 exd5 11. Nxd5 Nxd5 12. Qxd5 Qc7 13. Be2 Rd8 14. Qb5 Bd7
15. Qc4 b5 16. Qb3 a6 17. Rc1 Be6 18. Qc3 Rac8 19. O-O Qb7 20. Qe1 Bxa2 21. f4
Bb3 22. Na1 Bb4 23. Qf2 Be6 24. Bf3 Na5 25. Nc2 Bf8 26. Nd4 Bc4 27. Rfd1 Nb3
28. e5 Qe7 29. Nxb3 Bxb3 30. Re1 Rxc1 31. Rxc1 Bd5 32. Bb6 Rd7 33. Bg4 Rb7
34. Rc8 Be6 35. Bc5 Bxc8 36. Bxe7 Rc7 37. Qd2 Bxe7 38. Bxc8 Rxc8 39. Qd7 Rc1+
40. Kf2 Rc2+ 41. Kf3 Bf8 42. e6 1-0

[Event "12th European team championship"]
[Site "Batumi"]
[Date "1999.12.05"]
[Round "7"]
[White "Brestian, Egon"]
[Black "Claesen, Pieter"]
[Result "1/2-1/2"]
[WhiteElo "2429"]
[BlackElo "2403"]
[WhiteTitle "IM"]
[BlackTitle "IM"]
[WhiteTeam "Austria"]
[BlackTeam "Belgium"]
[Board "1"]
[Source "OlimpBase"]
[EventDate "1999.11.29"]
[PlyCount "44"]

1. e4 e6 2. d3 d5 3. Nd2 Nc6 4. Ngf3 Nf6 5. Be2 Bd6 6. O-O O-O 7. c3 a5 8. a4
b6 9. Re1 Bf4 10. Bf1 Ba6 11. e5 Nd7 12. d4 Bxf1 13. Nxf1 Bxc1 14. Rxc1 Ne7
15. Ne3 c5 16. c4 cxd4 17. Nxd4 Nxe5 18. Nxd5 exd5 19. Rxe5 dxc4 20. Rxc4 Qd6
21. Re1 Rac8 22. Qe2 Rxc4 1/2-1/2

[Event "12th European team championship"]
[Site "Batumi"]
[Date "1999.12.05"]
[Round "7"]
[White "Dutreeuw, Marc"]
[Black "Danner, Georg"]
[Result "1-0"]
[WhiteElo "2394"]
[BlackElo "2405"]
[WhiteTitle "IM"]
[BlackTitle "IM"]
[WhiteTeam "Belgium"]
[BlackTeam "Austria"]
[Board "2"]
[Source "OlimpBase"]
[EventDate "1999.11.29"]
[PlyCount "73"]

1. e4 c5 2. Nf3 d6 3. d4 Nf6 4. Nc3 cxd4 5. Nxd4 a6 6. Be3 e5 7. Nde2 Be6
8. f4 Qc7 9. f5 Bc4 10. Ng3 Nbd7 11. Nh5 Rc8 12. a3 b5 13. Bxc4 Qxc4 14. Nxf6+
Nxf6 15. Qd3 d5 16. Qxc4 Rxc4 17. exd5 b4 18. axb4 Bxb4 19. Rxa6 O-O 20. Rc6
Bxc3+ 21. bxc3 Re4 22. Kd2 Nxd5 23. Bc5 Rc4 24. Bxf8 Rxc6 25. Bb4 g6 26. fxg6
hxg6 27. Ra1 Nb6 28. Kd3 Rc4 29. Ra5 e4+ 30. Ke3 f5 31. Kf4 Rc6 32. g4 Nc4
33. Rc5 Rxc5 34. Bxc5 fxg4 35. Kxg4 Kf7 36. Kf4 Ke6 37. Kxe4 1-0

[Event "12th European team championship"]
[Site "Batumi"]
[Date "1966.12.06"]
[Round "8"]
[White "Claesen, Pieter"]
[Black "Rozentalis, Eduardas"]
[Result "1/2-1/2"]
[WhiteElo "2403"]
[BlackElo "2586"]
[WhiteTitle "IM"]
[BlackTitle "GM"]
[WhiteTeam "Belgium"]
[BlackTeam "Lithuania"]
[Board "1"]
[Source "OlimpBase"]
[EventDate "1999.11.29"]
[PlyCount "174"]

1. Nf3 Nf6 2. g3 d5 3. Bg2 Bg4 4. c4 c6 5. cxd5 cxd5 6. Qb3 Qb6 7. Qxb6 axb6
8. d3 Nc6 9. Be3 Bxf3 10. Bxf3 Ra6 11. Nc3 e6 12. Nb5 Bb4+ 13. Kf1 Kd7 14. a3
Bc5 15. Bd2 Rc8 16. e3 e5 17. Bg2 g5 18. f4 exf4 19. gxf4 Rg8 20. fxg5 Rxg5
21. Bh3+ Kd8 22. Ke2 Rh5 23. Raf1 Be7 24. Bf5 Ra4 25. h3 Rg5 26. Rhg1 h6
27. Be1 d4 28. e4 Nh5 29. h4 Nf4+ 30. Kf3 Rxf5 31. exf5 Nxd3 32. b3 Ra6 33. Bf2
Nxf2 34. Rxf2 Bxa3 35. Ra2 Bc5 36. Rga1 Nb4 37. Ra4 d3 38. Rd1 Kd7 39. Ke4 Ra5
40. Nd4 Be7 41. Nf3 Rb5 42. Nd4 Ra5 43. h5 Bd6 44. Rxa5 bxa5 45. Nf3 b5 46. Ra1
Bc7 47. Nd4 Nc2 48. Nxc2 dxc2 49. Rc1 a4 50. bxa4 bxa4 51. Rxc2 a3 52. Kd5 Ba5
53. Rc4 Bd2 54. Ra4 Bc1 55. Ra7+ Ke8 56. Kd6 Bf4+ 57. Kc6 Be5 58. Rxa3 Ke7
59. Kd5 Kf6 60. Ke4 Bh2 61. Ra2 Bb8 62. Rb2 Bg3 63. Rb6+ Kg5 64. Rb7 Kf6
65. Kf3 Be1 66. Kg4 Bd2 67. Rb2 Bc1 68. Rb5 Bd2 69. Rd5 Bc1 70. Rd7 Bg5 71. Rd1
Ke5 72. Rb1 Kf6 73. Rb5 Bd2 74. Rc5 Be3 75. Rc6+ Ke5 76. Rc7 Kf6 77. Kf3 Bg1
78. Ke4 Bh2 79. Rc6+ Kg5 80. f6 Bb8 81. Rb6 Bc7 82. Rb7 Bd8 83. Rb8 Bxf6
84. Rb5+ Kg4 85. Rf5 Bg5 86. Rxf7 Kxh5 87. Kf5 Kh4 1/2-1/2

[Event "12th European team championship"]
[Site "Batumi"]
[Date "1999.12.06"]
[Round "8"]
[White "Geenen, Marc"]
[Black "Butnorius, Algimantas"]
[Result "0-1"]
[WhiteElo "2347"]
[BlackElo "2456"]
[WhiteTitle "FM"]
[BlackTitle "IM"]
[WhiteTeam "Belgium"]
[BlackTeam "Lithuania"]
[Board "3"]
[Source "OlimpBase"]
[EventDate "1999.11.29"]
[PlyCount "94"]

1. e4 e5 2. Nc3 Nf6 3. g3 Nc6 4. Bg2 Bc5 5. Nge2 O-O 6. O-O Re8 7. Nd5 Nxd5
8. exd5 Nd4 9. Nc3 d6 10. d3 Bd7 11. a4 Qc8 12. Kh1 Bg4 13. f3 Bh3 14. Ne4
Bxg2+ 15. Kxg2 Nf5 16. f4 Be3 17. g4 Bxc1 18. gxf5 Bxf4 19. Qh5 f6 20. Kh1 Qd7
21. Rf3 Qf7 22. Rg1 Rf8 23. Rg6 Qxd5 24. c4 Qc6 25. Rh3 hxg6 26. Qh7+ Kf7
27. Qxg6+ Ke7 28. Rh7 Bh6 29. Qxh6 Rae8 30. Qxg7+ Kd8 31. b4 Rg8 32. Qf7 Ref8
33. Qe6 Qe8 34. Qd5 Qxa4 35. Ng3 Qc6 36. Qxc6 bxc6 37. Ne4 Rh8 38. Rg7 Rh3
39. Ng3 Rfh8 40. Kg2 Rxh2+ 41. Kf3 R2h7 42. Rg6 Ke7 43. b5 cxb5 44. cxb5 d5
45. Nf1 Rb8 46. Ne3 Rxb5 47. Ng4 Rh3+ 0-1

[Event "12th European team championship"]
[Site "Batumi"]
[Date "1999.12.07"]
[Round "9"]
[White "Claesen, Pieter"]
[Black "Muir, Andrew Joseph"]
[Result "0-1"]
[WhiteElo "2403"]
[BlackElo "2318"]
[WhiteTitle "IM"]
[BlackTitle "IM"]
[WhiteTeam "Belgium"]
[BlackTeam "Scotland"]
[Board "1"]
[Source "OlimpBase"]
[EventDate "1999.11.29"]
[PlyCount "86"]

1. Nf3 Nf6 2. g3 d5 3. Bg2 e6 4. O-O Be7 5. d3 O-O 6. Nbd2 c5 7. e4 Nc6 8. Re1
b5 9. e5 Nd7 10. Nf1 a5 11. h4 b4 12. Bf4 Ba6 13. N1h2 a4 14. Rc1 a3 15. b3 Rc8
16. Ng4 Nd4 17. Nxd4 cxd4 18. Nh2 Qc7 19. Qg4 Kh8 20. Nf3 Qc3 21. Bg5 Bxg5
22. Nxg5 h6 23. Nf3 Qb2 24. Qxd4 Rxc2 25. Rxc2 Qxc2 26. Qxb4 Qxa2 27. Qd6 Bb5
28. Nd4 Qd2 29. Rf1 Bxd3 30. Ra1 Qb2 31. Rxa3 Qxd4 32. Qxd7 Qxe5 33. b4 Qe1+
34. Kh2 Bc4 35. Rf3 Kg8 36. Qd6 Qd2 37. Rf4 Bd3 38. Bh3 Qe2 39. Bg4 Qe1 40. Bh5
Be4 41. f3 Qf2+ 42. Kh3 Qf1+ 43. Kh2 Ra8 0-1

[Event "12th European team championship"]
[Site "Batumi"]
[Date "1999.12.07"]
[Round "9"]
[White "Upton, Timothy"]
[Black "Dutreeuw, Marc"]
[Result "1/2-1/2"]
[WhiteElo "2295"]
[BlackElo "2394"]
[WhiteTitle "FM"]
[BlackTitle "IM"]
[WhiteTeam "Scotland"]
[BlackTeam "Belgium"]
[Board "2"]
[Source "OlimpBase"]
[EventDate "1999.11.29"]
[PlyCount "136"]

1. e4 e5 2. Nf3 Nf6 3. Nxe5 d6 4. Nf3 Nxe4 5. Nc3 Nxc3 6. bxc3 Be7 7. d4 O-O
8. Bd3 Bg4 9. O-O Nd7 10. Rb1 Nb6 11. c4 Bf6 12. Be3 Rb8 13. c3 Qd7 14. Rb5 a6
15. Ra5 d5 16. cxd5 Nxd5 17. Bd2 c6 18. h3 Be6 19. c4 Ne7 20. Qc2 g6 21. Bc3
Qc7 22. Ne5 Nf5 23. Ng4 Bg7 24. d5 cxd5 25. Bxg7 Kxg7 26. Qd2 f6 27. cxd5 Bd7
28. Bxf5 Bxf5 29. d6 Qc2 30. Qh6+ Kh8 31. Rc1 Qd3 32. Rxf5 gxf5 33. Nxf6 Rf7
34. d7 Rxd7 35. Nxd7 Qxd7 36. Qf6+ Qg7 37. Qxf5 Rg8 38. g3 Qe7 39. Rd1 Rd8
40. Rc1 b5 41. Qf4 Qd6 42. Qxd6 Rxd6 43. Rc8+ Kg7 44. Rc7+ Kg6 45. Ra7 h6
46. Kg2 Kf5 47. h4 Ke4 48. Re7+ Kf5 49. Rf7+ Ke6 50. Rc7 Kf5 51. Rc5+ Ke4
52. f3+ Kd4 53. Rc1 Rb6 54. g4 a5 55. Kg3 b4 56. g5 hxg5 57. hxg5 a4 58. Rd1+
Ke5 59. Kg4 Ke6 60. f4 b3 61. f5+ Kf7 62. axb3 axb3 63. Kf4 b2 64. Rb1 Rb4+
65. Ke5 Rb5+ 66. Ke4 Rb4+ 67. Kd5 Rb5+ 68. Ke4 Rb4+ 1/2-1/2